[Event "Buenos Aires"]
[Site "?"]
[Date "1994.??.??"]
[Round "?"]
[White "Salov, V."]
[Black "Anand, V."]
[Result "1/2-1/2"]
[WhiteElo "2720"]
[BlackElo "2710"]
[PlyCount "35"]
[EventDate "1994.??.??"]
[Source "ChessBase"]
[SourceDate "1994.10.01"]

1. e4 c5 2. Nf3 e6 3. d4 cxd4 4. Nxd4 Nc6 5. g3 d5 6. Bg2 dxe4 7. Nxc6 Qxd1+ 8. Kxd1 bxc6 9. Bxe4 Bb7 10. b3 O-O-O+ 11. Ke2 Be7 12. Bb2 Bf6 13. Nc3 c5 14. Bxb7+ Kxb7 15. Na4 Bxb2 16. Nxb2 Ne7 17. Nd3 Kb6 18. Ne5 1/2-1/2

[Event "Hallstahammar Open"]
[Site "?"]
[Date "1998.??.??"]
[Round "?"]
[White "Larsson, Per_Erik"]
[Black "Eckdal, John"]
[Result "0-1"]
[WhiteElo "2630"]
[BlackElo "2780"]
[PlyCount "58"]
[EventDate "1998.??.??"]
[Source "www.chesslib.no"]
[SourceDate "2004.05.04"]

1. e4 c5 2. Nf3 Nc6 3. d4 cxd4 4. Nxd4 e6 5. c4 Bb4+ 6. Nc3 Nf6 7. Bg5 Qa5 8. Bd2 Nxd4 9. a3 Be7 10. Nb5 Qb6 11. Bf4 Nxb5 12. cxb5 Nxe4 13. Be3 Bc5 14. Bxc5 Qxc5 15. Qe2 Nf6 16. Qd2 Qe5+ 17. Be2 Nd5 18. O-O Nf4 19. Bf3 Qg5 20. Qd6 Ng6 21. Rad1 Nh4 22. Bxb7 Bxb7 23. Qxd7+ Kf8 24. Qxb7 Rd8 25. Rxd8+ Qxd8 26. Rc1 g6 27. Rc8 Kg7 28. Rxd8 Rxd8 29. g3 Rd1# 0-1

[Event "It"]
[Site "?"]
[Date "1998.??.??"]
[Round "5"]
[White "Ivanchuk Vassily"]
[Black "Lautier Joel"]
[Result "1-0"]
[WhiteElo "2740"]
[BlackElo "2645"]
[PlyCount "45"]
[EventDate "1998.??.??"]
[Source "www.chesslib.no"]
[SourceDate "2004.05.04"]

1. e4 c5 2. Nf3 Nc6 3. d4 cxd4 4. Nxd4 e6 5. Nb5 d6 6. c4 Nf6 7. N1c3 a6 8. Na3 Be7 9. Be2 O-O 10. O-O b6 11. Be3 Bb7 12. Rc1 Rc8 13. Qb3 Nd7 14. Rfd1 Qc7 15. Rd2 Nc5 16. Qd1 Qb8 17. Kh1 Ba8 18. Qg1 Kh8 19. b3 g5 20. Bd4+ Nxd4 21. f4 gxf4 22. g3 Kg7 23. Bh5 1-0

[Event "Hallstahammar Open"]
[Site "?"]
[Date "1998.??.??"]
[Round "?"]
[White "Olsson, Dick"]
[Black "Lund, Helge"]
[Result "1-0"]
[WhiteElo "2590"]
[BlackElo "2690"]
[PlyCount "69"]
[EventDate "1998.??.??"]
[Source "www.chesslib.no"]
[SourceDate "2004.05.04"]

1. e4 c5 2. Nf3 Nc6 3. d4 cxd4 4. Nxd4 e6 5. Nxc6 bxc6 6. Nc3 Be7 7. Bd3 Qc7 8. Qg4 g6 9. Qf4 e5 10. Qf3 d6 11. O-O h5 12. Bc4 Bf6 13. b4 Bg4 14. Qd3 Rc8 15. h3 Bd7 16. Rd1 Be7 17. f4 Nf6 18. Rf1 h4 19. Bb2 Nh5 20. fxe5 Be6 21. Bxe6 fxe6 22. exd6 Bxd6 23. e5 Qb6+ 24. Rf2 Bxe5 25. Qxg6+ Kd8 26. Rd1+ Kc7 27. Qxe6 Bg3 28. Rd7+ Kb8 29. Ne4 Bxf2+ 30. Nxf2 Rhe8 31. Re7 Rf8 32. Rf7 Rfd8 33. Qe5+ Ka8 34. Qxh5 Rd1+ 35. Qxd1 1-0

[Event "Ohrid 82/150"]
[Site "?"]
[Date "2001.??.??"]
[Round "?"]
[White "Lautier, J."]
[Black "Moiseenko, Alexander"]
[Result "1-0"]
[WhiteElo "2658"]
[BlackElo "2561"]
[PlyCount "119"]
[EventDate "2001.??.??"]
[Source "Chess Informant"]
[SourceDate "2001.06.01"]

1. c4 c5 2. Nf3 Nc6 3. d4 cxd4 4. Nxd4 e6 5. Nb5 d6 6. e4 Nf6 7. N1c3 a6 8. Na3 Be7 9. Be2 O-O 10. O-O b6 11. Be3 Bb7 12. Qb3 Nd7 13. Rfd1 Rb8 14. Rd2 Qc7 15. Rc1 Nc5 16. Qd1 Ne5 17. f3 Ng6 18. Kh1 Rfe8 19. Nc2 Bf8 20. Qg1 Ba8 21. Nd4 Rbc8 22. b4 Nd7 23. Nb3 Qb8 24. Rdd1 h6 25. Qf2 Rc7 26. Na4 Rc6 27. c5 bxc5 28. bxc5 Nxc5 29. Naxc5 dxc5 30. Nxc5 Bxc5 31. Rxc5 Rec8 32. Rxc6 Rxc6 33. Bf1 Bb7 34. Qd2 Kh7 35. Qa5 Rd6 36. Rc1 Rd7 37. Kg1 Qd6 38. Qc5 Qb8 39. a4 Qd8 40. Qb6 Qe7 41. Qc5 Qf6 42. Rb1 Ne5 43. Be2 g5 44. Rd1 Rxd1+ 45. Bxd1 Qd8 46. Be2 Nd3 47. Qc2 Nf4 48. Bf1 Qd7 49. a5 e5 50. Qb2 f6 51. Qb6 Ne6 52. h3 Kg6 53. Bxa6 Bxa6 54. Qxa6 Qd1+ 55. Kh2 Nd4 56. Qc4 Kg7 57. a6 Qa1 58. Qc7+ Kg6 59. Qb8 Qe1 60. Bxd4 1-0

[Event "USA (ch)"]
[Site "?"]
[Date "1996.??.??"]
[Round "?"]
[White "Yermolinsky, A."]
[Black "de Firmian, N."]
[Result "1-0"]
[WhiteElo "2610"]
[BlackElo "2575"]
[PlyCount "131"]
[EventDate "1996.??.??"]
[Source "ChessBase"]
[SourceDate "1996.06.01"]

1. Nf3 c5 2. c4 Nc6 3. d4 cxd4 4. Nxd4 e6 5. Nb5 d6 6. e4 Nf6 7. N1c3 a6 8. Na3 Be7 9. Be2 O-O 10. O-O b6 11. Be3 Bb7 12. Qb3 Nd7 13. Rfd1 Rb8 14. f3 Kh8 15. Rd2 g5 16. Qd1 Rg8 17. Nc2 Nce5 18. Bd4 Qc7 19. Ne3 Nf6 20. Rc1 Bf8 21. b4 Bg7 22. h3 Nh5 23. Na4 Ba8 24. a3 Nf4 25. Bf1 Rgf8 26. Ng4 Nxg4 27. hxg4 Bxd4+ 28. Rxd4 Rfd8 29. g3 Ng6 30. Kg2 Rbc8 31. Qd2 e5 32. Rd3 b5 33. Nb2 h6 34. Rdc3 Qe7 35. Nd1 Qe8 36. Ne3 Ne7 37. cxb5 Rxc3 38. Rxc3 axb5 39. Rd3 Qc6 40. Nd5 Nxd5 41. Rxd5 Qa6 42. Rxe5 Qxa3 43. Rxb5 Qa1 44. Ra5 Qg7 45. Qa2 Bb7 46. Ra7 f6 47. Ba6 Rd7 48. Qe6 Bc6 49. Rxd7 Bxd7 50. Qxd6 Qf7 51. Qd5 Be6 52. Qd4 Bxg4 53. Be2 Bd7 54. b5 Qe6 55. Kf2 Kg7 56. g4 Qe7 57. Bc4 Be6 58. Bd5 Qd6 59. Kg2 h5 60. gxh5 Bd7 61. b6 Qf4 62. b7 g4 63. Qf2 Kh6 64. e5 g3 65. Qxg3 Qd2+ 66. Kh1 1-0

[Event "Moscow"]
[Site "Moscow"]
[Date "1982.??.??"]
[Round "?"]
[White "Geller, Efim P"]
[Black "Tal, Mihail"]
[Result "1/2-1/2"]
[WhiteElo "2575"]
[BlackElo "2605"]
[PlyCount "36"]
[EventDate "1982.05.??"]
[Source "ChessBase"]

1. e4 c5 2. Nf3 Nc6 3. d4 cxd4 4. Nxd4 e6 5. Nb5 d6 6. c4 Nf6 7. N1c3 a6 8. Na3 Be7 9. Be2 O-O 10. O-O b6 11. Be3 Nd7 12. Qd2 Bb7 13. Rfd1 Nc5 14. Nc2 Rc8 15. f3 Qc7 16. Rac1 Rfd8 17. Nd4 Qb8 18. Bf1 Ne5 1/2-1/2

[Event "Hungary"]
[Site "?"]
[Date "2001.??.??"]
[Round "4"]
[White "Acs Peter"]
[Black "Almasi Zoltan"]
[Result "1/2-1/2"]
[WhiteElo "2530"]
[BlackElo "2630"]
[PlyCount "53"]
[EventDate "2001.??.??"]
[Source "www.chesslib.no"]
[SourceDate "2004.05.04"]

1. e4 c5 2. Nf3 Nc6 3. d4 cxd4 4. Nxd4 e6 5. Nb5 d6 6. c4 Nf6 7. N1c3 a6 8. Na3 Be7 9. Be2 b6 10. O-O Bb7 11. Be3 O-O 12. Qb3 Nd7 13. Rfd1 Nc5 14. Qc2 Bf6 15. Rac1 Qe7 16. Nab1 Nb4 17. Qd2 Rfd8 18. f4 a5 19. Bf3 Nbd3 20. Rc2 e5 21. fxe5 Nxe5 22. Na3 Ned3 23. Nab5 Nb4 24. Rcc1 Nbd3 25. Rc2 Nb4 26. Rcc1 Nbd3 27. Rc2 1/2-1/2

[Event "TCh-CRO"]
[Site "?"]
[Date "2003.09.11"]
[Round "5"]
[White "Palac Mladen"]
[Black "Fedorov Alexei"]
[Result "1/2-1/2"]
[WhiteElo "2561"]
[BlackElo "2595"]
[PlyCount "25"]
[EventDate "2003.??.??"]
[Source "www.chesslib.no"]
[SourceDate "2004.05.04"]

1. e4 c5 2. Nf3 Nc6 3. d4 cxd4 4. Nxd4 e5 5. Nb5 d6 6. N1c3 a6 7. Na3 b5 8. Nd5 Nge7 9. c4 Nd4 10. Be3 Nxd5 11. cxd5 Be7 12. Bd3 O-O 13. O-O 1/2-1/2

[Event "Minsk"]
[Site "Minsk"]
[Date "1982.??.??"]
[Round "?"]
[White "Psakhis, Lev"]
[Black "Tseshkovsky, Vitaly"]
[Result "1-0"]
[WhiteElo "2545"]
[BlackElo "2595"]
[PlyCount "83"]
[EventDate "1982.05.??"]
[Source "ChessBase"]

1. e4 c5 2. Nf3 Nc6 3. d4 cxd4 4. Nxd4 e6 5. Nb5 d6 6. c4 a6 7. N5c3 Nf6 8. Be2 Be7 9. O-O O-O 10. Na3 b6 11. Be3 Rb8 12. Rc1 Bb7 13. Qb3 Ba8 14. Rfd1 Qc8 15. f3 Ne5 16. Rd2 Qb7 17. Qd1 Rfc8 18. Qf1 Rc6 19. Kh1 Re8 20. Bg1 Rec8 21. Rcd1 Qb8 22. Rb1 Nfd7 23. Be3 Bf6 24. Nd1 Nf8 25. f4 Neg6 26. Nf2 Be7 27. Rbd1 R6c7 28. Nb1 Nd7 29. Nc3 Bc6 30. Kg1 Nc5 31. g3 Rb7 32. Qh3 Bf6 33. Rxd6 Bxc3 34. bxc3 Na4 35. f5 Nf8 36. f6 Nxc3 37. fxg7 Ng6 38. Ng4 Nxe2+ 39. Kf2 Nc3 40. Nf6+ Kxg7 41. Qh6+ Kxf6 42. Bg5+ 1-0

[Event "Russie (championnat equipes)"]
[Site "?"]
[Date "2004.04.??"]
[Round "3"]
[White "Brodsky Michail"]
[Black "Filippov Valerij"]
[Result "1-0"]
[WhiteElo "2528"]
[BlackElo "2609"]
[PlyCount "72"]
[EventDate "2004.??.??"]
[Source "www.chesslib.no"]
[SourceDate "2004.05.04"]

1. c4 c5 2. Nf3 Nc6 3. d4 cxd4 4. Nxd4 e6 5. Nb5 d6 6. e4 a6 7. N5c3 Nf6 8. Be2 Be7 9. O-O O-O 10. Be3 b6 11. Na3 Bb7 12. Qb3 Nd7 13. Rfd1 Rb8 14. Rac1 Nc5 15. Qc2 Qc7 16. Qd2 Rfd8 17. Nc2 Bf6 18. f3 Bxc3 19. Qxc3 e5 20. Bf1 Ne6 21. Qe1 Ba8 22. Qf2 Rf8 23. b4 f5 24. Bd3 Rf6 25. Qd2 b5 26. Bb6 Bb7 27. Kf2 Ne7 28. a4 Nd5 29. Bc5 Kf7 30. a5 h5 31. h4 fxe4 32. g3 Bc8 33. Bb6 Bd7 34. Be3 Bc6 35. Bxe4 Nxb4 36. Bf4 Nd5 1-0

[Event "Aeroflot Open"]
[Site "Moscow"]
[Date "2004.02.19"]
[Round "3"]
[White "Berkes, Ferenc"]
[Black "Makarov, Marat"]
[Result "0-1"]
[WhiteElo "2602"]
[BlackElo "2530"]
[PlyCount "111"]
[EventDate "2004.02.17"]
[Source "Roberto Alvarez"]
[SourceDate "2004.03.01"]

1. e4 c5 2. Nf3 Nc6 3. d4 cxd4 4. Nxd4 e6 5. Nb5 d6 6. c4 Nf6 7. N1c3 a6 8. Na3 Be7 9. Be2 O-O 10. O-O b6 11. Be3 Bb7 12. Qb3 Nd7 13. f3 Nc5 14. Qc2 Bf6 15. Rfd1 Be5 16. Qd2 Qh4 17. g3 Qe7 18. Nc2 a5 19. Rab1 Rfd8 20. Bf1 Nb4 21. a3 Nxc2 22. Qxc2 a4 23. Bg2 g6 24. Nb5 Bg7 25. Bf4 e5 26. Be3 Bc6 27. Nc3 Qb7 28. Nd5 h6 29. Qc3 Rab8 30. Qb4 Na6 31. Qd2 Bxd5 32. cxd5 Nc5 33. Bxh6 Nb3 34. Qg5 Kh7 35. Bxg7 Kxg7 36. f4 Qc7 37. fxe5 dxe5 38. Rf1 Qd6 39. Bh3 f6 40. Qe3 Rh8 41. Bg4 Qc5 42. Rbe1 b5 43. Rf2 Nd4 44. Rc1 Qd6 45. Qc3 Rb7 46. h4 Rd8 47. Kg2 Rf7 48. h5 Rh8 49. hxg6 Kxg6 50. Bf5+ Kg7 51. g4 Rb8 52. Qh3 Rh8 53. Qg3 Rc7 54. g5 Kf8 55. Rxc7 Qxc7 56. Qc3 0-1

[Event "Riga Open"]
[Site "Riga LAT"]
[Date "1987.??.??"]
[Round "?"]
[White "Kengis, Edvins"]
[Black "Sokolov, Andrei"]
[Result "1/2-1/2"]
[WhiteElo "2485"]
[BlackElo "2645"]
[PlyCount "80"]
[EventDate "1987.??.??"]
[Source "www.chesslib.no"]
[SourceDate "2004.05.04"]

1. e4 c5 2. Nf3 Nc6 3. d4 cxd4 4. Nxd4 e6 5. Nb5 d6 6. Bf4 e5 7. Be3 a6 8. N5c3 Nf6 9. Bc4 Be6 10. Nd2 Rc8 11. O-O Be7 12. Bb3 Na5 13. Bxe6 fxe6 14. Na4 Nc4 15. Nxc4 Rxc4 16. b3 Rxe4 17. Bb6 Qd7 18. c4 O-O 19. f3 Rh4 20. Qe1 g5 21. Rd1 Qc6 22. Bf2 Rh6 23. c5 e4 24. cxd6 Bxd6 25. Bg3 Bf4 26. Bxf4 gxf4 27. Qb4 exf3 28. Qxf4 fxg2 29. Qxh6 gxf1=Q+ 30. Rxf1 Rf7 31. Rxf6 Rg7+ 32. Kf2 Qc2+ 33. Ke3 b5 34. Qf4 Qc1+ 35. Kf2 Qc2+ 36. Ke3 Qc1+ 37. Kf2 Qg1+ 38. Kf3 Qf1+ 39. Ke3 Qc1+ 40. Kf2 Qg1+ 1/2-1/2

[Event "URS-FL"]
[Site "Baku"]
[Date "1977.??.??"]
[Round "11"]
[White "Tseshkovsky, Vitaly"]
[Black "Taimanov, Mark E"]
[Result "1-0"]
[WhiteElo "2590"]
[BlackElo "2530"]
[PlyCount "57"]
[EventDate "1977.??.??"]
[Source "ChessBase"]

1. e4 c5 2. Nf3 Nc6 3. d4 cxd4 4. Nxd4 e6 5. Nb5 d6 6. c4 Nf6 7. N1c3 a6 8. Na3 Be7 9. Be2 O-O 10. O-O Bd7 11. Be3 Qb8 12. g4 Na7 13. g5 Ne8 14. b4 b5 15. cxb5 Nxb5 16. Naxb5 axb5 17. a4 Nc7 18. axb5 Rxa1 19. Qxa1 Nxb5 20. Nxb5 Bxb5 21. Bxb5 Qxb5 22. Qa5 Qe2 23. h3 Bd8 24. Qa3 Qf3 25. b5 Bxg5 26. Bc1 Qh5 27. b6 Bxc1 28. Rxc1 Qg6+ 29. Kh2 1-0

[Event "Elista (ol) 73/225"]
[Site "?"]
[Date "1998.??.??"]
[Round "?"]
[White "Ricardi, Pablo"]
[Black "Huebner, Robert"]
[Result "1/2-1/2"]
[WhiteElo "2545"]
[BlackElo "2575"]
[PlyCount "43"]
[EventDate "1998.??.??"]
[Source "ChessBase"]
[SourceDate "1998.06.01"]

1. e4 c5 2. Nf3 e6 3. d4 cxd4 4. Nxd4 Nc6 5. Be2 Nf6 6. Nc3 Qc7 7. O-O a6 8. Nxc6 bxc6 9. f4 d5 10. e5 Nd7 11. Kh1 Be7 12. Be3 O-O 13. Bd3 c5 14. Bxh7+ Kxh7 15. Qh5+ Kg8 16. Rf3 f5 17. Rh3 Nf6 18. exf6 Bxf6 19. Qh7+ Kf7 20. Qh5+ Kg8 21. Qh7+ Kf7 22. Qh5+ 1/2-1/2

[Event "FRA-chT1"]
[Site "Drancy"]
[Date "2002.02.03"]
[Round "3.3"]
[White "Fontaine, Robert"]
[Black "Bacrot, Etienne"]
[Result "1/2-1/2"]
[WhiteElo "2469"]
[BlackElo "2649"]
[PlyCount "56"]
[EventDate "2002.02.??"]
[Source "ChessBase"]
[SourceDate "2002.03.14"]

1. e4 c5 2. Nf3 Nc6 3. d4 cxd4 4. Nxd4 e6 5. Nb5 d6 6. Bf4 e5 7. Be3 a6 8. N5c3 Nf6 9. Bg5 Be7 10. Bxf6 Bxf6 11. Nd2 Be6 12. Nc4 Nd4 13. Ne3 Qa5 14. Bd3 Bg5 15. Ned5 O-O 16. O-O g6 17. Kh1 Rac8 18. a4 h5 19. Ra3 Bg4 20. f3 Be6 21. b4 Qd8 22. a5 h4 23. Nb6 Rb8 24. Ncd5 h3 25. g3 f5 26. exf5 gxf5 27. f4 Bf6 28. Qh5 e4 1/2-1/2

[Event "URS-FL"]
[Site "Ashkhabad"]
[Date "1978.??.??"]
[Round "5"]
[White "Savon, Vladimir A"]
[Black "Sveshnikov, Evgeny"]
[Result "1/2-1/2"]
[WhiteElo "2550"]
[BlackElo "2565"]
[PlyCount "50"]
[EventDate "1978.10.??"]
[Source "ChessBase"]

1. e4 c5 2. Nf3 e6 3. d4 cxd4 4. Nxd4 Nc6 5. Nxc6 bxc6 6. c4 Nf6 7. Nc3 Bb4 8. Bd3 Bxc3+ 9. bxc3 Qa5 10. Qb3 Ba6 11. O-O d5 12. exd5 cxd5 13. Rd1 dxc4 14. Bxc4 Bxc4 15. Qxc4 O-O 16. Qb4 Qh5 17. Be3 Rfc8 18. c4 Rab8 19. Qd2 h6 20. Bxa7 Ra8 21. Bd4 e5 22. Be3 Rxc4 23. h3 Rca4 24. Rdc1 Qf5 25. Rc2 Qe6 1/2-1/2

[Event "XXX Open"]
[Site "Andorra la Vella"]
[Date "2003.??.??"]
[Round "8"]
[White "Delchev, Aleksander"]
[Black "De la Riva Aguado, Oscar"]
[Result "1/2-1/2"]
[WhiteElo "2570"]
[BlackElo "2540"]
[PlyCount "95"]
[EventDate "2003.07.05"]
[Source "Roberto Alvarez"]
[SourceDate "2003.07.21"]

1. e4 c5 2. Nf3 Nc6 3. d4 cxd4 4. Nxd4 e6 5. Nb5 d6 6. Bf4 e5 7. Be3 Be7 8. N1c3 Nf6 9. Nd5 Nxd5 10. exd5 Nb8 11. Qd2 a6 12. Na3 Bf5 13. Nc4 Nd7 14. Na5 Qc8 15. c4 Bd8 16. Be2 O-O 17. O-O Nc5 18. Rfd1 Rb8 19. Rac1 Bb6 20. Bf1 Rd8 21. Nb3 Ne4 22. Qe1 Bxe3 23. Qxe3 b6 24. Bd3 Nc5 25. Bxf5 Qxf5 26. Na1 a5 27. Nc2 Qe4 28. Qxe4 Nxe4 29. Na3 Kf8 30. Nb5 Ra8 31. b3 Nc5 32. Rb1 Ke7 33. Kf1 Kd7 34. a3 Ke7 35. Ke2 Rdc8 36. f3 Nd7 37. Rbc1 Nc5 38. Rc3 Nd7 39. Kd2 Rc5 40. Kc2 Rcc8 41. Re1 g5 42. g3 Rg8 43. Re2 Nf6 44. Rce3 Rac8 45. Kd3 Kd7 46. Nc3 Nh5 47. Nb5 f5 48. Re1 1/2-1/2

[Event "Corr"]
[Site "?"]
[Date "2002.03.01"]
[Round "?"]
[White "Balabaev Farit Gasisovich (K"]
[Black "Barrios Troncoso Jose Antonio"]
[Result "1/2-1/2"]
[WhiteElo "2627"]
[BlackElo "2472"]
[PlyCount "59"]
[EventDate "2002.??.??"]
[Source "www.chesslib.no"]
[SourceDate "2004.05.04"]

1. e4 c5 2. Nf3 Nc6 3. d4 cxd4 4. Nxd4 e5 5. Nb5 d6 6. Be3 Nf6 7. Bg5 Be6 8. Bxf6 gxf6 9. Nd2 a6 10. Nc3 f5 11. Bc4 Qg5 12. g3 Bh6 13. Nf3 Qd8 14. Bd5 fxe4 15. Nxe4 O-O 16. Nh4 Nd4 17. Bxe6 fxe6 18. c3 d5 19. cxd4 dxe4 20. O-O e3 21. Qg4+ Kh8 22. Qxe6 exf2+ 23. Kg2 Qxd4 24. Qxh6 Qd5+ 25. Kh3 Qd7+ 26. Kg2 Qd5+ 27. Kh3 Qd7+ 28. g4 Qd3+ 29. Kg2 Qe4+ 30. Kg3 1/2-1/2

[Event "1st League TCh-SCG"]
[Site "Budva"]
[Date "2003.09.01"]
[Round "4"]
[White "Marjanovic, Slavoljub"]
[Black "Goloshchapov, Alexander"]
[Result "0-1"]
[WhiteElo "2511"]
[BlackElo "2574"]
[PlyCount "172"]
[EventDate "2003.08.29"]
[Source "Roberto Alvarez"]
[SourceDate "2003.10.27"]

1. e4 c5 2. Nf3 Nc6 3. d4 cxd4 4. Nxd4 e6 5. Nb5 d6 6. Bf4 e5 7. Be3 a6 8. N5c3 Nf6 9. Bg5 Be7 10. Bxf6 Bxf6 11. Nd2 O-O 12. Nc4 Be7 13. Nd5 Be6 14. a4 Bxd5 15. exd5 Nb8 16. a5 Nd7 17. Be2 f5 18. O-O Qc7 19. Ra3 e4 20. f4 exf3 21. Raxf3 g6 22. Qd2 Bf6 23. Rh3 Rae8 24. b3 Bg7 25. Kh1 Qc5 26. b4 Qc7 27. Bd3 Nf6 28. Nb6 Ng4 29. Be2 Qe7 30. Bf3 Qe3 31. Qxe3 Nxe3 32. Rc1 Bc3 33. Rb1 Nxc2 34. g4 Bxb4 35. gxf5 Rxf5 36. Bg4 Rf2 37. Be6+ Kg7 38. Nc4 Ref8 39. Rhb3 Bc5 40. Rxb7+ Kh6 41. R7b3 R8f4 42. Rh3+ Kg5 43. Rg1+ Kf6 44. Nxd6 Bxd6 45. Rxh7 Ke5 46. Rxg6 Ne3 47. Bh3 Kxd5 48. Rh5+ Be5 49. Rgg5 Re4 50. Bc8 Rf1+ 51. Rg1 Rxg1+ 52. Kxg1 Ra4 53. Bxa6 Rxa5 54. Bb7+ Ke6 55. Kf2 Ng4+ 56. Kf3 Nxh2+ 57. Ke4 Ra4+ 58. Kd3 Rd4+ 59. Ke2 Kf6 60. Bc8 Bd6 61. Rh3 Bf4 62. Rd3 Rc4 63. Bh3 Ke5 64. Rd7 Rc2+ 65. Kd3 Rd2+ 66. Kc4 Rf2 67. Rd5+ Ke4 68. Rd4+ Kf3 69. Rd3+ Be3 70. Kb3 Ke4 71. Rd8 Nf3 72. Re8+ Ne5 73. Bc8 Bd4 74. Bb7+ Ke3 75. Bd5 Rb2+ 76. Ka4 Kd3 77. Re7 Bc3 78. Rb7 Rh2 79. Kb5 Kd4 80. Bb3 Rb2 81. Ka4 Rb1 82. Rh7 Kc5 83. Rh2 Nd3 84. Rh5+ Be5 85. Bc2 Ra1+ 86. Kb3 Nc1# 0-1

[Event "Las Vegas"]
[Site "?"]
[Date "1999.??.??"]
[Round "?"]
[White "Ehlvest, J."]
[Black "Frias, V."]
[Result "1-0"]
[WhiteElo "2590"]
[BlackElo "2490"]
[PlyCount "93"]
[EventDate "1999.??.??"]
[Source "Chess Informant"]
[SourceDate "2000.02.01"]

1. e4 c5 2. Nf3 Nc6 3. d4 cxd4 4. Nxd4 e6 5. Nb5 d6 6. c4 Nf6 7. N1c3 a6 8. Na3 Be7 9. Be2 O-O 10. O-O Ne5 11. Be3 Qc7 12. f4 Ned7 13. Bf3 Re8 14. Rc1 Rb8 15. g4 Nf8 16. g5 N6d7 17. Bg2 b6 18. Rf3 Bb7 19. Rh3 f6 20. g6 Nxg6 21. Nc2 Ndf8 22. Nd4 e5 23. Nd5 Qd8 24. Nf5 exf4 25. Bxb6 Qd7 26. Ndxe7+ Nxe7 27. Nxd6 f3 28. Rxf3 Bxe4 29. Nxe4 Rxb6 30. b3 Qc7 31. c5 Rc6 32. b4 Nc8 33. Qd5+ Kh8 34. Rd1 Rce6 35. Ng3 Ne7 36. Qd2 Nc6 37. a3 Ng6 38. Rd3 Nh4 39. Bd5 Ne5 40. Qf4 g5 41. Qf1 Nxd3 42. Bxe6 Nf4 43. Bd7 Re3 44. Bg4 Qe5 45. Qxa6 Rxg3+ 46. hxg3 Qe3+ 47. Kf1 1-0

[Event "ISL-ch"]
[Site "Reykjavik"]
[Date "1999.09.03"]
[Round "4"]
[White "Thorhallsson, Throstur"]
[Black "Stefansson, Hannes"]
[Result "1/2-1/2"]
[WhiteElo "2489"]
[BlackElo "2584"]
[PlyCount "26"]
[EventDate "1999.08.31"]
[Source "www.chesslib.no"]
[SourceDate "2004.05.04"]

1. e4 c5 2. Nf3 Nc6 3. d4 cxd4 4. Nxd4 e6 5. g3 d5 6. Bg2 dxe4 7. Nxc6 Qxd1+ 8. Kxd1 bxc6 9. Bxe4 Bb7 10. c4 O-O-O+ 11. Ke2 Nf6 12. Bg2 Bc5 13. Be3 Bxe3 1/2-1/2

[Event "Gothenburg Cup"]
[Site "Gothenburg"]
[Date "2001.??.??"]
[Round "2"]
[White "Gavrikov, Viktor"]
[Black "Yakovich, Yuri"]
[Result "1/2-1/2"]
[WhiteElo "2539"]
[BlackElo "2534"]
[PlyCount "31"]
[EventDate "2001.01.08"]
[Source "ChessBase"]
[SourceDate "2001.03.20"]

1. e4 c5 2. Nf3 e6 3. d4 cxd4 4. Nxd4 Nc6 5. g3 d5 6. Bg2 dxe4 7. Nxc6 Qxd1+ 8. Kxd1 bxc6 9. Bxe4 Bb7 10. Nd2 Nf6 11. Bg2 O-O-O 12. Ke2 Be7 13. b3 Bb4 14. c4 Bc3 15. Rb1 c5 16. Bxb7+ 1/2-1/2

[Event "RUS-ch"]
[Site "Krasnodar"]
[Date "2002.09.04"]
[Round "9"]
[White "Aseev, Konstantin N"]
[Black "Grigoriants, Sergey"]
[Result "1/2-1/2"]
[WhiteElo "2575"]
[BlackElo "2490"]
[PlyCount "47"]
[EventDate "2002.08.27"]
[Source "ChessBase"]
[SourceDate "2002.11.12"]

1. e4 c5 2. Nf3 Nc6 3. d4 cxd4 4. Nxd4 e6 5. Nb5 d6 6. Bf4 e5 7. Be3 a6 8. N5c3 Nf6 9. Nd2 Bg4 10. f3 Be6 11. Nc4 Be7 12. Nb6 Rb8 13. Ncd5 Bxd5 14. exd5 Na7 15. a4 Nc8 16. a5 Nxb6 17. Bxb6 Qd7 18. Be2 Nh5 19. O-O Nf4 20. g3 Nxe2+ 21. Qxe2 O-O 22. c4 f5 23. b4 Rbc8 24. Ra3 1/2-1/2

[Event "Riga Open"]
[Site "Riga LAT"]
[Date "1987.??.??"]
[Round "?"]
[White "Vitolins, Alvis"]
[Black "Sokolov, Andrei"]
[Result "1/2-1/2"]
[WhiteElo "2415"]
[BlackElo "2645"]
[PlyCount "61"]
[EventDate "1987.??.??"]
[Source "www.chesslib.no"]
[SourceDate "2004.05.04"]

1. e4 c5 2. Nf3 Nc6 3. d4 cxd4 4. Nxd4 e6 5. Be3 a6 6. c4 Nf6 7. Nc3 Bb4 8. Bd3 Qc7 9. O-O Bxc3 10. bxc3 Ne5 11. Qe2 d6 12. Bg5 Bd7 13. f4 Nxd3 14. Qxd3 Rc8 15. e5 Ng4 16. Qg3 h5 17. h3 Nh6 18. Bxh6 Rxh6 19. f5 Kf8 20. f6 Rg6 21. Qh4 dxe5 22. fxg7+ Kxg7 23. Qxh5 f5 24. Nb3 Bc6 25. Rf2 Qb6 26. c5 Qb5 27. Re1 Qd3 28. Qh4 Rg8 29. Qe7+ Kh6 30. Qh4+ Kg7 31. Qe7+ 1/2-1/2

[Event "ch"]
[Site "chess.net INT"]
[Date "1986.??.??"]
[Round "?"]
[White "Gurevich, Mikhail N"]
[Black "Dlugy, Maxim"]
[Result "1/2-1/2"]
[WhiteElo "2510"]
[BlackElo "2545"]
[PlyCount "89"]
[EventDate "1986.??.??"]
[Source "www.chesslib.no"]
[SourceDate "2004.05.04"]

1. Nf3 c5 2. c4 Nf6 3. Nc3 e6 4. e4 Nc6 5. d4 cxd4 6. Nxd4 Bb4 7. Nxc6 dxc6 8. Qxd8+ Kxd8 9. e5 Ne4 10. a3 Bxc3+ 11. bxc3 b6 12. Be3 Kc7 13. Bd3 Nc5 14. Bxc5 bxc5 15. Kd2 Ba6 16. Kc2 Kb6 17. h4 h5 18. Rhd1 Rad8 19. Be2 Kc7 20. Rxd8 Rxd8 21. Rd1 Rg8 22. g3 g6 23. Rd6 Bc8 24. Rd3 Rf8 25. Kd2 Bd7 26. Rf3 Kd8 27. Kc2 Ke7 28. Rf4 Rb8 29. f3 Rg8 30. Re4 Bc8 31. Re3 Ba6 32. Bf1 Rb8 33. Re1 Rg8 34. Re3 Rb8 35. Bd3 Rg8 36. Be2 Rh8 37. Bd3 Rg8 38. f4 Rb8 39. Re1 Kd7 40. Be2 Kc7 41. Rd1 Rd8 42. Rd3 Rxd3 43. Kxd3 Bc8 44. Ke3 Kd7 45. Bd3 1/2-1/2

[Event "MTO Open"]
[Site "?"]
[Date "2005.07.29"]
[Round "11"]
[White "Meijers Viesturs"]
[Black "Bocharov Dmitry"]
[Result "0-1"]
[WhiteElo "2479"]
[BlackElo "2574"]
[PlyCount "144"]
[EventDate "2005.??.??"]
[Source "www.chesslib.no"]
[SourceDate "2004.05.04"]

1. e4 c5 2. Nf3 Nc6 3. d4 cxd4 4. Nxd4 e6 5. Nb5 d6 6. c4 Nf6 7. N1c3 a6 8. Nd4 Be7 9. Be2 O-O 10. O-O Bd7 11. Be3 Rc8 12. Rc1 h6 13. f4 Nxd4 14. Bxd4 Bc6 15. Bd3 Nd7 16. Bxg7 Kxg7 17. Qg4+ Kh8 18. Qh5 Bg5 19. Rcd1 Bxf4 20. Rxf4 Qg5 21. Rh4 Qxh5 22. Rxh5 Kg7 23. Be2 Rfd8 24. Rd3 Ne5 25. Rdh3 Rh8 26. c5 f6 27. cxd6 Rcd8 28. Rg3+ Kh7 29. Rgh3 Kg7 30. Rg3+ Kf8 31. Rh4 Rxd6 32. Rf4 Rd2 33. b4 Ke7 34. Rg7+ Kd6 35. Rxf6 Rc8 36. Rg3 Bd7 37. Bf1 Rc2 38. Nd5 Rxa2 39. Rxh6 Rc1 40. Rf6 Raa1 41. Ne3 Bb5 42. h4 Nc4 43. Nxc4+ Bxc4 44. Rgf3 Be2 45. Rf2 Ke5 46. h5 Bxh5 47. Kh2 Rab1 48. Kh3 Rxb4 49. g4 Be8 50. Bg2 Rc7 51. g5 Rg7 52. Kh4 a5 53. Rc2 a4 54. Rc5+ Kd6 55. Rd5+ Ke7 56. Re5 Bd7 57. Bh3 Kd6 58. Rd5+ Kc7 59. Rc5+ Kd8 60. g6 b6 61. Re5 a3 62. Bxe6 Bxe6 63. Rfxe6 Kd7 64. Rf6 a2 65. Rf7+ Kd6 66. Rd5+ Ke6 67. Rdd7 a1=Q 68. Rde7+ Kd6 69. Rd7+ Kc6 70. Rc7+ Kb5 71. Rxg7 Rxe4+ 72. Kg5 Qe5+ 0-1